Népiskolai földrajz honismertetés a IV. osztály számára : a miniszteri tanterv utasítása szerint és módszertani kezelés alapján írta Záray Ödön : [könyvismertetés] /

Elmentve itt :
Bibliográfiai részletek
Szerző: Négyesy László
További közreműködők: Záray Ödön
Dokumentumtípus: Cikk
Megjelent: 1899
Sorozat:Magyar pedagógia : a Magyar Tudományos Akadémia Pedagógiai Bizottságának folyóirata 8
Kulcsszavak:Földrajz tanítása könyvismertetés, Földrajz tanítása
Online Access:http://misc.bibl.u-szeged.hu/7506
LEADER 00873nab a2200193 i 4500
001 misc7506
005 20191106144152.0
008 170607s1899 hu o 0|| hun d
022 |a 0025-0260 
040 |a SZTE Miscellanea Repozitórium  |b hun 
041 |a hun 
100 1 |a Négyesy László 
245 1 0 |a Népiskolai földrajz   |h [elektronikus dokumentum] :  |b honismertetés a IV. osztály számára : a miniszteri tanterv utasítása szerint és módszertani kezelés alapján írta Záray Ödön : [könyvismertetés] /  |c  Négyesy László 
260 |c 1899 
300 |a 252-254 
490 0 |a Magyar pedagógia : a Magyar Tudományos Akadémia Pedagógiai Bizottságának folyóirata  |v 8 
695 |a Földrajz tanítása könyvismertetés, Földrajz tanítása 
700 0 1 |a Záray Ödön 
856 4 0 |u http://misc.bibl.u-szeged.hu/7506/1/mp_1899_0605_252-254.pdf  |z Dokumentum-elérés